000 01078nam a2200301 a 4500
001 000110141
003 CHAP
005 20220329144119.0
008 140725s2002 mx a |r| |||||||spa d
010 _a106603
011 _a107575
020 _a9684963971
040 _cCHAP
082 0 4 _a972.2
_bR69
100 1 _aRodríguez Tomp, Rosa Elba
_9127553
245 1 0 _aCautivos de dios :
_blos cazadores-recolectores de baja california durante el periodo colonial /
_cpor Rosa Elba Rodríguez Tomp.
260 _aMéxico :
_bCentro de Investigaciones y Estudios Superiores en Antropología Social
_bInstituto Nacional Indigenista,
_c2002.
300 _a331 p. :
_bil., gráfs., tablas.
490 1 _aHistoria de los pueblos indígenas de México
590 _aE6096MTM
_b05
_c20140725
_lUCH01
_h1251
650 1 4 _aIndios de México
_xCultura.
_957627
650 1 4 _aMéxico
_xHistoria
_xColonia.
_976754
650 1 4 _aMéxico
_xHistoria
_xConquista.
_976756
830 4 _aHistoria de los pueblos indígenas de México
_955621
901 _aBK
942 _cLIBRO
942 _n0
999 _c106603
_d106603